Urdu Optical Character Recognition System / (Record no. 541078)

000 -LEADER
fixed length control field 00458nam a22001457a 4500
082 ## - DEWEY DECIMAL CLASSIFICATION NUMBER
Classification number 004
100 ## - MAIN ENTRY--PERSONAL NAME
Personal name Khan, Aliya Ashraf
245 ## - TITLE STATEMENT
Title Urdu Optical Character Recognition System /
Statement of responsibility, etc. Aliya Ashraf Khan
260 ## - PUBLICATION, DISTRIBUTION, ETC.
Place of publication, distribution, etc. Islamabad :
Name of publisher, distributor, etc. MCS - NUST,
Date of publication, distribution, etc. 2012.
300 ## - PHYSICAL DESCRIPTION
Extent 56 p. ;
Dimensions 30cm.
650 ## - SUBJECT ADDED ENTRY--TOPICAL TERM
Topical term or geographic name entry element Computer Software Engineering-MS-Thesis
700 ## - ADDED ENTRY--PERSONAL NAME
Personal name Dr. Asif Masood
942 ## - ADDED ENTRY ELEMENTS (KOHA)
Source of classification or shelving scheme
Koha item type Thesis
650 ## - SUBJECT ADDED ENTRY--TOPICAL TERM
-- 16105
700 ## - ADDED ENTRY--PERSONAL NAME
-- 14088
Holdings
Withdrawn status Lost status Source of classification or shelving scheme Damaged status Not for loan Permanent Location Current Location Shelving location Date acquired Total Checkouts Full call number Barcode Date last seen Price effective from Koha item type
          Central Library (CL) Central Library (CL) Thesis 11/19/2020   004 CL-T-1450 11/19/2020 11/19/2020 Thesis
          Central Library (CL) Central Library (CL) Thesis 11/19/2020   004 CL-T-1446 11/19/2020 11/19/2020 Thesis
© 2023 Central Library, National University of Sciences and Technology. All Rights Reserved.